VOY A LLeVARTE PA PR - Bad Bunny (Letra) - Estadísticas

Estadísticas generales
  • Esta prueba ha sido intentada 77 veces
  • La puntuación promedio es 277 de 382
Estadísticas de respuestas
Hint Respuesta % Correcto
a
98%
es
96%
la
96%
La
96%
PR
96%
Y
96%
y
96%
llevar
95%
pa
95%
Pa
95%
cómo
93%
como
93%
que
93%
Que
93%
te
93%
Te
93%
Mami
91%
mami
91%
91%
si
91%
sí,
91%
Yo
91%
yo
91%
89%
el
89%
gusta
89%
idea
89%
llevarte
89%
no
89%
se
89%
89%
tu
89%
89%
Voy
89%
amiga
87%
amiga'
87%
con
87%
en
87%
perrea
87%
va
87%
noche
85%
pasar
85%
Quiere
85%
quiere
85%
vamo
85%
esta
84%
está
84%
casa
82%
veas
82%
conocí
80%
Dile
80%
Esto
80%
las
80%
los
80%
mal
80%
mía
80%
mira
80%
vas
80%
aquí
78%
Aquí
78%
de
78%
Aquí
78%
me
78%
quedar
78%
otra
76%
do'
75%
Ella
75%
hay
75%
(hey,
75%
hey)
75%
Hey,
75%
hey,
75%
hey
75%
Hey
75%
Miami
75%
querer
75%
rico
75%
to
75%
Intro Acho
73%
aplique
73%
bien
73%
Bien
73%
cosa
73%
Mírame
73%
Pero
73%
sabe
73%
trafique
73%
calle
71%
estoy
71%
Estoy
71%
nadie
71%
Rosalía
71%
quieres
69%
Coro Vo'a
69%
vo'a
69%
casar
67%
Tráete
67%
por
67%
single
67%
Tinder
67%
Tráete
67%
Verso Aprovecha
65%
borrar
65%
finde
65%
Hoy
65%
soltero
65%
suelto
65%
Después
64%
perreando
64%
prendí'a
64%
segundo'
64%
ahora
62%
cambio
62%
dime
62%
Dime
62%
ojos
62%
son
62%
ya
62%
cinco
60%
un
60%
Ja,
58%
tiempo
58%
están
56%
mala'
56%
putería
56%
le
55%
Brickell
53%
quería
53%
salí
53%
viva
53%
día
51%
pierdo
51%
sobresalía
51%
Dale
49%
ese
49%
janguear
49%
molí'a
49%
culo
47%
disco
47%
Obviamente
47%
Salimos
47%
Yeah
47%
Outro Yeah,
47%
yeah
47%
eh
45%
isla
45%
Toy
45%
tre
45%
Tus
45%
tuyo
45%
borracho'
44%
chulería
44%
Porque
44%
pa'l
44%
tengo
44%
(ay)
42%
estaba
42%
nací
42%
p'atrá
42%
singue
42%
tique
42%
baby
40%
besar
40%
bienvenía'?
40%
fotitos
40%
fue-
40%
lío
40%
puesto
40%
puse
40%
al
38%
dar
38%
experto
38%
hookah
38%
montar
38%
muero
38%
corillo
36%
despeinar
36%
lía'
36%
Oh,
36%
oh,
36%
sepa'
36%
ahorita
35%
cazando
35%
guau
35%
Tírate
35%
más
33%
mete
33%
nos
33%
portal
33%
reguetón
33%
rica'
33%
cuatro
31%
fuimos
31%
garete
31%
toa
31%
bailen
29%
gata'
29%
escuchando
27%
Ponte
27%
grillete
25%
tantán
25%
¿Dónde
24%
fuete
20%
suéltate
20%
Tas
20%
pastille
0%
No se encontraron pruebas coincidentes
Distribución de puntuación
Porcentaje de gente con cada puntuación
Porcentaje por número respondido
Historial de tus puntuaciones
No has intentado esta prueba.